| 000 | 00392nam a2200157Ia 4500 | ||
|---|---|---|---|
| 008 | 221030s9999 xx 000 0 und d | ||
| 020 | _a8185749493 | ||
| 041 | _aEnglish | ||
| 082 |
_a105.23 _bJai |
||
| 100 | _aV. K. Jain | ||
| 245 | 0 |
_aComputer System Architecture _cby V. K. Jain |
|
| 260 |
_bS.K.Kataria & Sons _aNew Delhi _c2002 |
||
| 300 | _a533 | ||
| 650 | _aBE Computer | ||
| 942 | _cBK | ||
| 999 |
_c7645 _d7645 |
||